000 00613 a2200157 4500
005 20190806102639.0
008 190523s1983 sp ||||| |||| 00| 0 spa d
040 _aCO-BoUCM
_bspa
_cSaul Niño
_dSaul Niño
041 0 _aspa
110 1 _aEspaña
_bCastilla y León
_996399
245 1 0 _aEstatuto de autonomía de Castilla y León
_cConsejo General de Castilla y León
260 _aSalamanca
_bServicio Central de Publicaciones de la Presidencia del Gobierno
_c1983
650 7 _aDerecho constitucional
_zEspaña
_935410
942 _cLIBRO
_2DEWEY
_a8
_e1
_h342.46
_mE795a
_n0
999 _c312454
_d312454